| 000 | 01124nam0a22003251 4500 | ||
|---|---|---|---|
| 001 | RU\NLR\A1SV\102981 | ||
| 005 | 20260120140856.0 | ||
| 035 | _a(NLR Aleph) 009784334 | ||
| 090 |
_a10108787 _c10108787 |
||
| 100 | _a20100422d1926 u y0rusy50 ca | ||
| 101 | 1 |
_arus _cfre |
|
| 102 | _aRU | ||
| 200 | 1 |
_aВ доме Хабибы _d(Dans la maison d'Habiba) _zfre _eМарок. сказки _fСимона Пеллегрен. Simonne Pellegrin _gПер. с фр. М.Л.Лозинского |
|
| 210 |
_aЛ. _cМысль _d[1926] |
||
| 215 |
_a106 с. _d18 см |
||
| 620 | _dСанкт-Петербург | ||
| 700 | 1 |
_7ca _8rus _aПеллегрен _bС. _gСимона _92689454 _3RU\NLR\AUTH\770287615 |
|
| 702 | 1 |
_4730 _7ca _8rus _aЛозинский _bМ. Л. _f1886-1955 _gМихаил Леонидович _949067 _3RU\NLR\AUTH\7766138 |
|
| 790 | 1 |
_6z01700 _aPellegrin _bS. _gSimonne |
|
| 801 | 0 |
_aRU _bNLR _c20100422 |
|
| 852 |
_aNLR _j19/901 |
||
| 852 |
_aNLR _j19/901а |
||
| 899 | _aРГБ | ||
| 899 | _aГПИБ | ||
| 899 | _aМГУ | ||
| 899 | _aКирОУНБ | ||
| 942 | _cBOOK | ||
| 980 | _aA1SV | ||
| 980 | _aNB | ||